000 00641cam a22002293a 4500
001 25398
003 PGUSA
005 20140828083539.0
008 080509s2008||||xxu|||||s|||||000 | eng d
040 _aPGUSA
_beng
042 _adc
050 4 _aPR
100 1 _aBeaumont, Francis,
_d1584-1616
245 1 4 _aThe Little French Lawyer :
_bA Comedy
_h[electronic resource] /
_cFrancis Beaumont
260 _bProject Gutenberg,
_c2008
506 _aPublic domain in the USA.
516 _aElectronic text
653 _aEnglish drama
830 0 _aProject Gutenberg
_v25398
856 4 0 _uhttp://www.gutenberg.org/ebooks/25398
942 _cEB
999 _c254653
_d254653